ZZ Top Discography - Statistics

General Stats
  • This quiz has been taken 62 times
    32 since last reset
  • The average score is 13 of 32
Answer Stats
Type Year Name % Correct
Album 1983 Eliminator
96%
Album 1973 Tres Hombres
92%
Album 1976 Tejas
77%
Album 1971 ZZ Top's First Album
77%
Album 1985 Afterburner
73%
Album 1979 Degüello
69%
Album 1975 Fandango!
69%
Album 1972 Rio Grande Mud
69%
Album 1981 El Loco
65%
Album 1990 Recycler
62%
Album 1994 Antenna
54%
Album 2003 Mescalero
54%
Album 1999 XXX
54%
Album 1996 Rhythmeen
42%
Live Album 2016 Tonite at Midnight: Live Greatest Hits from Around the World
38%
Compilation 1992 Greatest Hits
35%
Box Set 2003 Chrome, Smoke & BBQ
31%
Album 2012 La Futura
31%
Compilation 2004 Rancho Texicano: The Very Best of ZZ Top
31%
Compilation 1977 The Best of ZZ Top
23%
Compilation 2019 Goin' 50
15%
Live Album 2008 Live from Texas
15%
Live Album 2022 Raw ('That Little Ol' Band from Texas' Original Soundtrack)
15%
Compilation 1994 One Foot in the Blues
12%
Compilation 1987 Six Pack
12%
Compilation 2014 The Very Baddest
12%
Box Set 2018 Cinco №2: The Second Five LPs
8%
Box Set 2017 Cinco: The First Five LPs
8%
Double Video Package 2009 Double Down Live: 1980 & 2008
8%
Live Album 2014 Live at Montreux 2013
8%
EP 2012 Texicali
8%
EP 1985 The ZZ Top Summer Holiday E.P.
8%
No matching quizzes found
Score Distribution
Percent of People with Each Score
Percentile by Number Answered
Your Score History
You have not taken this quiz since the last reset